Resumen de los hechos más notables del emperador Napoleón manifestado a los franceses con las reflexiones oportunas a favor de la justa causa. (Record no. 163352)

MARC details
000 -LEADER
campo de control de longitud fija 00893nam a22001935i 4500
001 - NÚMERO DE CONTROL
campo de control 163352
003 - IDENTIFICADOR DE NÚMERO DE CONTROL
campo de control ES-MaACL
005 - FECHA Y HORA DE LA ÚLTIMA TRANSACCIÓN
campo de control 20240229062728.0
008 - DATOS DE LONGITUD FIJA--INFORMACIÓN GENERAL
campo de control de longitud fija 040903s18081814sp |||| | spa d
080 ## - NÚMERO DE LA CLASIFICACIÓN DECIMAL UNIVERSAL
Número de la Clasificación Decimal Universal 94(460)"1808/14"
245 00 - MENCIÓN DEL TÍTULO
Título Resumen de los hechos más notables del emperador Napoleón manifestado a los franceses con las reflexiones oportunas a favor de la justa causa.
260 ## - PUBLICACIÓN, DISTRIBUCIÓN, ETC.
Lugar de publicación, distribución, etc. Reimpreso en Cádiz :
Nombre del editor, distribuidor, etc. por D. Manuel Santiago de Quintana,
Fecha de publicación, distribución, etc. [entre 1808-1814]
300 ## - DESCRIPCIÓN FÍSICA
Extensión 8 p. ;
Dimensiones 20 cm.
600 04 - PUNTO DE ACCESO ADICIONAL DE MATERIA--NOMBRE DE PERSONA
Nombre de persona Napoleón
Numeración I
Títulos y otros términos asociados al nombre , Emperador de Francia.
9 (RLIN) 84910
651 #4 - PUNTO DE ACCESO ADICIONAL DE MATERIA--NOMBRE GEOGRÁFICO
Nombre geográfico España-
Subdivisión general Historia-
Subdivisión cronológica 1808-1814, Guerra de la Independencia
9 (RLIN) 8244
852 4# - LOCALIZACIÓN
Ubicación ES-MaACL
Número de control de estantería R-3318(3)
Nota libre - Enc. en un vol. facticio con otras obras formando "Miscelánea patriótica"
856 4# - LOCALIZACIÓN Y ACCESO ELECTRÓNICOS
Identificador Uniforme de Recursos <a href="http://bdh-rd.bne.es/viewer.vm?id=0000168761&page=1 ">http://bdh-rd.bne.es/viewer.vm?id=0000168761&page=1 </a>
Nota pública Biblioteca Digital Hispánica
Holdings
Estatus retirado Estado de pérdida Estado de daño No para préstamo Colección Biblioteca de origen Biblioteca actual Ubicación en estantería Fecha de adquisición Total de préstamos Signatura topográfica completa Código de barras Visto por última vez Precio de reemplazo Tipo de ítem Koha
        Colección digital Biblioteca del Ateneo de Madrid Biblioteca del Ateneo de Madrid Depósito 17/01/2008   R-3318(3) 1171178 23/02/2023 23/02/2023 Libro impreso antiguo